[Event "World Youth & Cadets Blitz Championships"]
[Site "Rhodes, Greece"]
[Date "2022.05.03"]
[Round "9.35"]
[White "Blokhin, Sofia"]
[Black "Siekanska, Maria"]
[Result "1-0"]
[TimeControl "5'/game & 2\"/move"]
[WhiteElo "1764"]
[BlackElo "1723"]

1. e4 {[%clk 00:05:02]} {[%emt 00:00:02]} c5 {[%clk 00:05:04]} {[%emt
00:00:01]} 2. Nf3 {[%clk 00:05:03]} {[%emt 00:00:02]} d6 {[%clk 00:05:05]}
{[%emt 00:00:01]} 3. d4 {[%clk 00:05:03]} {[%emt 00:00:01]} cxd4 {[%clk
00:05:05]} {[%emt 00:00:01]} 4. Nxd4 {[%clk 00:05:03]} {[%emt 00:00:02]} Nf6
{[%clk 00:05:06]} {[%emt 00:00:02]} 5. Nc3 {[%clk 00:05:04]} {[%emt 00:00:01]}
a6 {[%clk 00:05:07]} {[%emt 00:00:01]} 6. f3 {[%clk 00:05:04]} {[%emt
00:00:02]} e6 {[%clk 00:04:58]} {[%emt 00:00:11]} 7. Be3 {[%clk 00:05:04]}
{[%emt 00:00:01]} Be7 {[%clk 00:04:58]} {[%emt 00:00:03]} 8. Qd2 {[%clk
00:05:04]} {[%emt 00:00:02]} O-O {[%clk 00:04:57]} {[%emt 00:00:03]} 9. O-O-O
{[%clk 00:04:59]} {[%emt 00:00:07]} Nc6 {[%clk 00:04:58]} {[%emt 00:00:01]} 10.
g4 {[%clk 00:04:51]} {[%emt 00:00:10]} Nxd4 {[%clk 00:04:58]} {[%emt 00:00:02]}
11. Qxd4 {[%clk 00:04:40]} {[%emt 00:00:13]} b5 {[%clk 00:04:44]} {[%emt
00:00:15]} 12. h4 {[%clk 00:04:37]} {[%emt 00:00:05]} Bb7 {[%clk 00:04:04]}
{[%emt 00:00:42]} 13. h5 {[%clk 00:04:33]} {[%emt 00:00:06]} Qa5 {[%clk
00:03:11]} {[%emt 00:00:56]} 14. g5 {[%clk 00:04:22]} {[%emt 00:00:13]} Nd7
{[%clk 00:03:08]} {[%emt 00:00:05]} 15. h6 {[%clk 00:03:45]} {[%emt 00:00:39]}
e5 {[%clk 00:03:04]} {[%emt 00:00:06]} 16. Qd2 {[%clk 00:03:39]} {[%emt
00:00:08]} b4 {[%clk 00:02:38]} {[%emt 00:00:29]} 17. Nb1 {[%clk 00:03:11]}
{[%emt 00:00:30]} g6 {[%clk 00:02:34]} {[%emt 00:00:06]} 18. a3 {[%clk
00:02:48]} {[%emt 00:00:24]} Qc7 {[%clk 00:02:14]} {[%emt 00:00:22]} 19. axb4
{[%clk 00:02:45]} {[%emt 00:00:06]} a5 {[%clk 00:02:04]} {[%emt 00:00:11]} 20.
b5 {[%clk 00:02:38]} {[%emt 00:00:08]} a4 {[%clk 00:01:40]} {[%emt 00:00:27]}
21. Na3 {[%clk 00:02:11]} {[%emt 00:00:29]} Nc5 {[%clk 00:01:08]} {[%emt
00:00:34]} 22. Kb1 {[%clk 00:02:05]} {[%emt 00:00:08]} Rfc8 {[%clk 00:01:00]}
{[%emt 00:00:10]} 23. Bc4 {[%clk 00:02:00]} {[%emt 00:00:07]} Ne6 {[%clk
00:00:40]} {[%emt 00:00:22]} 24. Bd5 {[%clk 00:01:54]} {[%emt 00:00:07]} Rab8
{[%clk 00:00:35]} {[%emt 00:00:09]} 25. c4 {[%clk 00:01:48]} {[%emt 00:00:07]}
Bxd5 {[%clk 00:00:29]} {[%emt 00:00:07]} 26. exd5 {[%clk 00:01:36]} {[%emt
00:00:14]} Nc5 {[%clk 00:00:26]} {[%emt 00:00:06]} 27. Bxc5 {[%clk 00:01:28]}
{[%emt 00:00:09]} Qxc5 {[%clk 00:00:27]} {[%emt 00:00:02]} 28. Rhf1 {[%clk
00:01:20]} {[%emt 00:00:10]} Bd8 {[%clk 00:00:17]} {[%emt 00:00:12]} 29. f4
{[%clk 00:01:19]} {[%emt 00:00:03]} Bb6 {[%clk 00:00:13]} {[%emt 00:00:06]} 30.
fxe5 {[%clk 00:01:17]} {[%emt 00:00:05]} dxe5 {[%clk 00:00:13]} {[%emt
00:00:01]} 31. Qc3 {[%clk 00:01:06]} {[%emt 00:00:12]} Qd6 {[%clk 00:00:10]}
{[%emt 00:00:06]} 32. Rf6 {[%clk 00:01:03]} {[%emt 00:00:05]} Qd8 {[%clk
00:00:09]} {[%emt 00:00:03]} 33. Qxe5 {[%clk 00:00:56]} {[%emt 00:00:09]} Bc5
{[%clk 00:00:08]} {[%emt 00:00:03]} 34. Rxg6+ {[%clk 00:00:49]} {[%emt
00:00:08]} Kf8 {[%clk 00:00:05]} {[%emt 00:00:05]} 35. Rg8+ {[%clk 00:00:50]}
{[%emt 00:00:01]} 1-0

[Event "World Youth & Cadets Blitz Championships"]
[Site "Rhodes, Greece"]
[Date "2022.05.03"]
[Round "9.36"]
[White "Chuchukova, Stefani"]
[Black "Aydin, Gulenay"]
[Result "0-1"]
[TimeControl "5'/game & 2\"/move"]
[WhiteElo "1449"]
[BlackElo "1429"]

1. d4 {[%clk 00:05:03]} {[%emt 00:00:01]} Nf6 {[%clk 00:05:03]} {[%emt
00:00:01]} 2. Bg5 {[%clk 00:05:03]} {[%emt 00:00:02]} g6 {[%clk 00:04:59]}
{[%emt 00:00:06]} 3. Bxf6 {[%clk 00:05:03]} {[%emt 00:00:01]} exf6 {[%clk
00:05:00]} {[%emt 00:00:02]} 4. e4 {[%clk 00:05:05]} d5 {[%clk 00:04:50]}
{[%emt 00:00:12]} 5. exd5 {[%clk 00:05:03]} {[%emt 00:00:04]} Qxd5 {[%clk
00:04:48]} {[%emt 00:00:04]} 6. c4 {[%clk 00:05:01]} {[%emt 00:00:04]} Qd8
{[%clk 00:04:48]} {[%emt 00:00:02]} 7. Nf3 {[%clk 00:04:55]} {[%emt 00:00:08]}
Bb4+ {[%clk 00:04:37]} {[%emt 00:00:13]} 8. Nc3 {[%clk 00:04:55]} {[%emt
00:00:03]} O-O {[%clk 00:04:37]} {[%emt 00:00:02]} 9. Be2 {[%clk 00:04:55]}
{[%emt 00:00:01]} Re8 {[%clk 00:04:30]} {[%emt 00:00:10]} 10. O-O {[%clk
00:04:53]} {[%emt 00:00:03]} c6 {[%clk 00:04:31]} {[%emt 00:00:01]} 11. Re1
{[%clk 00:04:43]} {[%emt 00:00:12]} Bg4 {[%clk 00:04:25]} {[%emt 00:00:08]} 12.
Qd3 {[%clk 00:04:07]} {[%emt 00:00:39]} Nd7 {[%clk 00:04:14]} {[%emt 00:00:12]}
13. a3 {[%clk 00:04:03]} {[%emt 00:00:06]} Bd6 {[%clk 00:04:07]} {[%emt
00:00:09]} 14. h3 {[%clk 00:03:59]} {[%emt 00:00:07]} Bxf3 {[%clk 00:04:08]} 15.
Bxf3 {[%clk 00:03:59]} {[%emt 00:00:02]} f5 {[%clk 00:04:03]} {[%emt 00:00:06]}
16. b4 {[%clk 00:03:51]} {[%emt 00:00:10]} Nf6 {[%clk 00:03:59]} {[%emt
00:00:06]} 17. d5 {[%clk 00:03:40]} {[%emt 00:00:13]} cxd5 {[%clk 00:03:07]}
{[%emt 00:00:54]} 18. Nxd5 {[%clk 00:03:40]} {[%emt 00:00:02]} Be5 {[%clk
00:02:41]} {[%emt 00:00:28]} 19. Rad1 {[%clk 00:03:26]} {[%emt 00:00:16]} Nxd5
{[%clk 00:02:36]} {[%emt 00:00:07]} 20. Bxd5 {[%clk 00:03:24]} {[%emt
00:00:04]} Qc7 {[%clk 00:02:29]} {[%emt 00:00:10]} 21. c5 {[%clk 00:03:04]}
{[%emt 00:00:22]} Kg7 {[%clk 00:02:24]} {[%emt 00:00:06]} 22. Qb5 {[%clk
00:02:57]} {[%emt 00:00:09]} Rab8 {[%clk 00:02:14]} {[%emt 00:00:12]} 23. Ba2
{[%clk 00:02:11]} {[%emt 00:00:48]} Rbd8 {[%clk 00:01:46]} {[%emt 00:00:29]} 24.
Rxd8 {[%clk 00:01:44]} {[%emt 00:00:30]} Rxd8 {[%clk 00:01:23]} {[%emt
00:00:25]} 25. Kf1 {[%clk 00:01:21]} {[%emt 00:00:25]} Bc3 {[%clk 00:01:07]}
{[%emt 00:00:18]} 26. Rb1 {[%clk 00:01:08]} {[%emt 00:00:15]} a6 {[%clk
00:00:36]} {[%emt 00:00:33]} 27. Qc4 {[%clk 00:01:09]} {[%emt 00:00:02]} Bf6
{[%clk 00:00:34]} {[%emt 00:00:03]} 28. a4 {[%clk 00:00:58]} {[%emt 00:00:13]}
Rd7 {[%clk 00:00:35]} 29. Re1 {[%clk 00:00:53]} {[%emt 00:00:08]} Qh2 {[%clk
00:00:33]} {[%emt 00:00:04]} 30. f4 {[%clk 00:00:20]} {[%emt 00:00:35]} Qh1+
{[%clk 00:00:24]} {[%emt 00:00:11]} 31. Kf2 {[%clk 00:00:21]} Bd4+ {[%clk
00:00:25]} {[%emt 00:00:01]} 32. Ke2 {[%clk 00:00:15]} {[%emt 00:00:08]} Qxg2+
{[%clk 00:00:23]} {[%emt 00:00:04]} 33. Kd3 {[%clk 00:00:11]} {[%emt 00:00:06]}
Bf6+ {[%clk 00:00:15]} {[%emt 00:00:09]} 34. Ke3 {[%clk 00:00:04]} {[%emt
00:00:09]} Qd2+ {[%clk 00:00:16]} {[%emt 00:00:01]} 35. Kf3 {[%clk 00:00:05]}
{[%emt 00:00:02]} Qxe1 {[%clk 00:00:13]} {[%emt 00:00:04]} 36. b5 {[%clk
00:00:06]} {[%emt 00:00:01]} Qd2 {[%clk 00:00:10]} {[%emt 00:00:05]} 37. bxa6
{[%clk 00:00:06]} {[%emt 00:00:02]} Rd3+ {[%clk 00:00:10]} {[%emt 00:00:02]}
0-1

[Event "World Youth & Cadets Blitz Championships"]
[Site "Rhodes, Greece"]
[Date "2022.05.03"]
[Round "9.37"]
[White "Rudzinskaite, Ula"]
[Black "Hnatyshyn, Anastasiia"]
[Result "1/2-1/2"]
[TimeControl "5'/game & 2\"/move"]
[WhiteElo "1134"]
[BlackElo "1784"]

1. d4 {[%clk 00:05:02]} d5 {[%clk 00:05:02]} {[%emt 00:00:03]} 2. c4 {[%clk
00:05:03]} {[%emt 00:00:01]} e6 {[%clk 00:05:03]} {[%emt 00:00:01]} 3. cxd5
{[%clk 00:05:03]} {[%emt 00:00:02]} exd5 {[%clk 00:05:03]} {[%emt 00:00:02]} 4.
Nc3 {[%clk 00:05:04]} {[%emt 00:00:01]} Nf6 {[%clk 00:05:03]} {[%emt 00:00:02]}
5. Bg5 {[%clk 00:05:05]} {[%emt 00:00:01]} Be7 {[%clk 00:05:03]} {[%emt
00:00:02]} 6. Nf3 {[%clk 00:05:05]} {[%emt 00:00:02]} c6 {[%clk 00:04:58]}
{[%emt 00:00:08]} 7. Qc2 {[%clk 00:04:58]} {[%emt 00:00:08]} h6 {[%clk
00:04:53]} {[%emt 00:00:07]} 8. Bf4 {[%clk 00:04:49]} {[%emt 00:00:10]} Bg4
{[%clk 00:04:33]} {[%emt 00:00:22]} 9. Ne5 {[%clk 00:04:38]} {[%emt 00:00:14]}
Be6 {[%clk 00:04:30]} {[%emt 00:00:05]} 10. e3 {[%clk 00:04:35]} {[%emt
00:00:05]} Nbd7 {[%clk 00:04:25]} {[%emt 00:00:06]} 11. Bd3 {[%clk 00:04:31]}
{[%emt 00:00:07]} Nxe5 {[%clk 00:04:17]} {[%emt 00:00:11]} 12. Bxe5 {[%clk
00:04:28]} {[%emt 00:00:04]} Bd6 {[%clk 00:04:00]} {[%emt 00:00:19]} 13. Bxd6
{[%clk 00:04:03]} {[%emt 00:00:27]} Qxd6 {[%clk 00:04:00]} {[%emt 00:00:02]} 14.
h3 {[%clk 00:03:59]} {[%emt 00:00:06]} Rd8 {[%clk 00:03:36]} {[%emt 00:00:26]}
15. O-O {[%clk 00:03:30]} {[%emt 00:00:31]} O-O {[%clk 00:03:35]} {[%emt
00:00:03]} 16. Rab1 {[%clk 00:03:31]} {[%emt 00:00:01]} Rfe8 {[%clk 00:03:22]}
{[%emt 00:00:15]} 17. b4 {[%clk 00:02:57]} {[%emt 00:00:36]} 1/2-1/2

[Event "World Youth & Cadets Blitz Championships"]
[Site "Rhodes, Greece"]
[Date "2022.05.03"]
[Round "9.38"]
[White "Smietanska, Wiktoria"]
[Black "Derlich, Sarah Sima"]
[Result "1-0"]
[TimeControl "5'/game & 2\"/move"]
[WhiteElo "1890"]
[BlackElo "1382"]

1. c4 {[%clk 00:05:03]} e6 {[%clk 00:05:03]} {[%emt 00:00:01]} 2. Nc3 {[%clk
00:05:03]} {[%emt 00:00:01]} d5 {[%clk 00:05:03]} {[%emt 00:00:02]} 3. cxd5
{[%clk 00:05:04]} {[%emt 00:00:01]} exd5 {[%clk 00:05:04]} {[%emt 00:00:02]} 4.
d4 {[%clk 00:05:05]} {[%emt 00:00:01]} Nf6 {[%clk 00:05:03]} {[%emt 00:00:03]}
5. Bg5 {[%clk 00:05:05]} {[%emt 00:00:02]} Be7 {[%clk 00:05:02]} {[%emt
00:00:02]} 6. e3 {[%clk 00:05:06]} {[%emt 00:00:02]} h6 {[%clk 00:05:02]}
{[%emt 00:00:01]} 7. Bh4 {[%clk 00:05:06]} {[%emt 00:00:02]} O-O {[%clk
00:05:00]} {[%emt 00:00:03]} 8. Bd3 {[%clk 00:05:07]} {[%emt 00:00:02]} b6
{[%clk 00:04:52]} {[%emt 00:00:11]} 9. Nge2 {[%clk 00:05:06]} {[%emt 00:00:03]}
Bb7 {[%clk 00:04:48]} {[%emt 00:00:06]} 10. O-O {[%clk 00:05:03]} {[%emt
00:00:04]} Nbd7 {[%clk 00:04:44]} {[%emt 00:00:05]} 11. Rc1 {[%clk 00:04:58]}
{[%emt 00:00:08]} Rc8 {[%clk 00:04:45]} {[%emt 00:00:02]} 12. Qd2 {[%clk
00:04:49]} {[%emt 00:00:10]} c5 {[%clk 00:04:35]} {[%emt 00:00:12]} 13. dxc5
{[%clk 00:04:45]} {[%emt 00:00:06]} Nxc5 {[%clk 00:04:30]} {[%emt 00:00:07]} 14.
Bf5 {[%clk 00:04:38]} {[%emt 00:00:09]} Rc7 {[%clk 00:04:12]} {[%emt 00:00:21]}
15. Nb5 {[%clk 00:04:25]} {[%emt 00:00:15]} Rc6 {[%clk 00:04:06]} {[%emt
00:00:07]} 16. Ned4 {[%clk 00:04:24]} {[%emt 00:00:03]} Nce4 {[%clk 00:03:45]}
{[%emt 00:00:24]} 17. Nxc6 {[%clk 00:03:16]} {[%emt 00:01:09]} Nxd2 {[%clk
00:03:10]} {[%emt 00:00:37]} 18. Nxd8 {[%clk 00:03:13]} {[%emt 00:00:05]} Nxf1
{[%clk 00:02:57]} {[%emt 00:00:15]} 19. Nxb7 {[%clk 00:03:10]} {[%emt
00:00:05]} Nd2 {[%clk 00:02:06]} {[%emt 00:00:54]} 20. Bxf6 {[%clk 00:03:02]}
{[%emt 00:00:09]} Bxf6 {[%clk 00:02:00]} {[%emt 00:00:08]} 21. N7d6 {[%clk
00:02:57]} {[%emt 00:00:07]} g6 {[%clk 00:01:33]} {[%emt 00:00:29]} 22. Bd3
{[%clk 00:02:40]} {[%emt 00:00:18]} a6 {[%clk 00:01:26]} {[%emt 00:00:11]} 23.
Nd4 {[%clk 00:02:30]} {[%emt 00:00:10]} Rd8 {[%clk 00:00:53]} {[%emt 00:00:35]}
24. Rc8 {[%clk 00:02:27]} {[%emt 00:00:06]} Rxc8 {[%clk 00:00:42]} {[%emt
00:00:13]} 25. Nxc8 {[%clk 00:02:27]} {[%emt 00:00:02]} b5 {[%clk 00:00:39]}
{[%emt 00:00:06]} 26. Nb6 {[%clk 00:02:21]} {[%emt 00:00:07]} Nc4 {[%clk
00:00:23]} {[%emt 00:00:18]} 27. Nxd5 {[%clk 00:02:08]} {[%emt 00:00:15]} Bxd4
{[%clk 00:00:14]} {[%emt 00:00:11]} 28. Bxc4 {[%clk 00:02:01]} {[%emt
00:00:09]} Bxb2 {[%clk 00:00:06]} {[%emt 00:00:10]} 29. Bb3 {[%clk 00:02:00]}
{[%emt 00:00:03]} Kf8 {[%clk 00:00:06]} {[%emt 00:00:02]} 30. Nc7 {[%clk
00:02:00]} {[%emt 00:00:02]} a5 {[%clk 00:00:07]} {[%emt 00:00:02]} 31. Nxb5
{[%clk 00:02:00]} {[%emt 00:00:02]} Bg7 {[%clk 00:00:05]} {[%emt 00:00:04]} 32.
Kf1 {[%clk 00:01:59]} {[%emt 00:00:02]} Ke7 {[%clk 00:00:04]} {[%emt 00:00:02]}
33. Ke2 {[%clk 00:02:00]} {[%emt 00:00:03]} f5 {[%clk 00:00:03]} {[%emt
00:00:03]} 34. Kd3 {[%clk 00:01:59]} {[%emt 00:00:03]} Kd7 {[%clk 00:00:00]}
{[%emt 00:00:02]} 1-0

[Event "World Youth & Cadets Blitz Championships"]
[Site "Rhodes, Greece"]
[Date "2022.05.03"]
[Round "9.40"]
[White "Veselow, Zoe"]
[Black "Sivanandan, Bodhana"]
[Result "0-1"]
[TimeControl "5'/game & 2\"/move"]
[WhiteElo "1124"]
[BlackElo "1563"]

1. e4 {[%clk 00:05:01]} {[%emt 00:00:02]} e5 {[%clk 00:05:03]} {[%emt
00:00:02]} 2. Nf3 {[%clk 00:05:01]} {[%emt 00:00:02]} Nc6 {[%clk 00:05:04]}
{[%emt 00:00:02]} 3. Bc4 {[%clk 00:05:01]} {[%emt 00:00:02]} Bc5 {[%clk
00:05:04]} {[%emt 00:00:02]} 4. c3 {[%clk 00:05:00]} {[%emt 00:00:03]} Nf6
{[%clk 00:05:05]} {[%emt 00:00:02]} 5. d4 {[%clk 00:04:58]} {[%emt 00:00:04]}
exd4 {[%clk 00:05:05]} {[%emt 00:00:02]} 6. cxd4 {[%clk 00:04:57]} {[%emt
00:00:02]} Bb4+ {[%clk 00:05:05]} {[%emt 00:00:02]} 7. Bd2 {[%clk 00:04:38]}
{[%emt 00:00:20]} Nxe4 {[%clk 00:05:04]} {[%emt 00:00:04]} 8. Bxb4 {[%clk
00:04:34]} {[%emt 00:00:06]} Nxb4 {[%clk 00:05:03]} {[%emt 00:00:03]} 9. Qb3
{[%clk 00:04:11]} {[%emt 00:00:25]} d5 {[%clk 00:04:42]} {[%emt 00:00:23]} 10.
Qxb4 {[%clk 00:03:31]} {[%emt 00:00:42]} dxc4 {[%clk 00:04:41]} {[%emt
00:00:03]} 11. Qxc4 {[%clk 00:03:30]} {[%emt 00:00:03]} O-O {[%clk 00:04:40]}
{[%emt 00:00:03]} 12. O-O {[%clk 00:03:28]} {[%emt 00:00:04]} c6 {[%clk
00:04:38]} {[%emt 00:00:04]} 13. Nc3 {[%clk 00:03:26]} {[%emt 00:00:04]} Nxc3
{[%clk 00:04:36]} {[%emt 00:00:05]} 14. Qxc3 {[%clk 00:03:25]} {[%emt
00:00:02]} Be6 {[%clk 00:04:36]} {[%emt 00:00:02]} 15. Rad1 {[%clk 00:03:21]}
{[%emt 00:00:05]} Re8 {[%clk 00:04:37]} {[%emt 00:00:01]} 16. b3 {[%clk
00:03:20]} {[%emt 00:00:03]} Qf6 {[%clk 00:04:37]} {[%emt 00:00:02]} 17. Rfe1
{[%clk 00:03:19]} {[%emt 00:00:03]} Bd5 {[%clk 00:04:38]} {[%emt 00:00:02]} 18.
Ne5 {[%clk 00:03:14]} {[%emt 00:00:07]} Qd6 {[%clk 00:04:35]} {[%emt 00:00:05]}
19. Qg3 {[%clk 00:03:08]} {[%emt 00:00:07]} f6 {[%clk 00:04:33]} {[%emt
00:00:04]} 20. Nf3 {[%clk 00:02:55]} {[%emt 00:00:15]} Qxg3 {[%clk 00:04:31]}
{[%emt 00:00:04]} 21. fxg3 {[%clk 00:02:46]} {[%emt 00:00:10]} Rad8 {[%clk
00:04:21]} {[%emt 00:00:14]} 22. Nh4 {[%clk 00:02:38]} {[%emt 00:00:09]} Kf8
{[%clk 00:04:20]} {[%emt 00:00:03]} 23. Nf5 {[%clk 00:02:32]} {[%emt 00:00:08]}
g6 {[%clk 00:04:21]} {[%emt 00:00:02]} 24. Ne3 {[%clk 00:02:31]} {[%emt
00:00:02]} Be4 {[%clk 00:04:10]} {[%emt 00:00:13]} 25. Rf1 {[%clk 00:02:29]}
{[%emt 00:00:04]} Kg7 {[%clk 00:04:01]} {[%emt 00:00:12]} 26. Ng4 {[%clk
00:02:27]} {[%emt 00:00:03]} Re6 {[%clk 00:04:01]} {[%emt 00:00:02]} 27. Rfe1
{[%clk 00:02:18]} {[%emt 00:00:11]} Rde8 {[%clk 00:03:58]} {[%emt 00:00:05]} 28.
Nf2 {[%clk 00:02:16]} {[%emt 00:00:04]} Bd5 {[%clk 00:03:58]} {[%emt 00:00:02]}
29. Nd3 {[%clk 00:02:13]} {[%emt 00:00:05]} b6 {[%clk 00:03:46]} {[%emt
00:00:14]} 30. Rxe6 {[%clk 00:02:04]} {[%emt 00:00:11]} Rxe6 {[%clk 00:03:46]}
{[%emt 00:00:02]} 31. Nf4 {[%clk 00:02:03]} {[%emt 00:00:03]} Rd6 {[%clk
00:03:47]} {[%emt 00:00:01]} 32. Nxd5 {[%clk 00:02:02]} {[%emt 00:00:03]} Rxd5
{[%clk 00:03:48]} {[%emt 00:00:02]} 33. Kf2 {[%clk 00:01:54]} {[%emt 00:00:10]}
c5 {[%clk 00:03:35]} {[%emt 00:00:15]} 34. Ke3 {[%clk 00:01:53]} {[%emt
00:00:02]} f5 {[%clk 00:03:35]} {[%emt 00:00:02]} 35. Rd3 {[%clk 00:01:53]}
{[%emt 00:00:03]} cxd4+ {[%clk 00:03:26]} {[%emt 00:00:10]} 36. Rxd4 {[%clk
00:01:53]} {[%emt 00:00:02]} Ra5 {[%clk 00:03:23]} {[%emt 00:00:05]} 37. Rd2
{[%clk 00:01:52]} {[%emt 00:00:03]} Kf6 {[%clk 00:03:23]} {[%emt 00:00:02]} 38.
a4 {[%clk 00:01:51]} {[%emt 00:00:03]} Re5+ {[%clk 00:03:22]} {[%emt 00:00:03]}
39. Kf2 {[%clk 00:01:49]} {[%emt 00:00:04]} Ke6 {[%clk 00:03:21]} {[%emt
00:00:04]} 40. h3 {[%clk 00:01:46]} {[%emt 00:00:04]} h5 {[%clk 00:03:21]}
{[%emt 00:00:03]} 41. Rc2 {[%clk 00:01:39]} {[%emt 00:00:08]} Rc5 {[%clk
00:03:11]} {[%emt 00:00:12]} 42. Re2+ {[%clk 00:01:30]} {[%emt 00:00:10]} Kf7
{[%clk 00:03:09]} {[%emt 00:00:05]} 43. Kf3 {[%clk 00:01:18]} {[%emt 00:00:14]}
g5 {[%clk 00:03:08]} {[%emt 00:00:03]} 44. Re3 {[%clk 00:01:17]} {[%emt
00:00:04]} Rd5 {[%clk 00:03:03]} {[%emt 00:00:07]} 45. Rc3 {[%clk 00:01:16]}
{[%emt 00:00:02]} Kf6 {[%clk 00:03:02]} {[%emt 00:00:04]} 46. Ke3 {[%clk
00:01:11]} {[%emt 00:00:06]} Ke5 {[%clk 00:03:02]} {[%emt 00:00:02]} 47. Kf3
{[%clk 00:01:10]} {[%emt 00:00:03]} g4+ {[%clk 00:03:01]} {[%emt 00:00:04]} 48.
Ke3 {[%clk 00:01:08]} {[%emt 00:00:03]} Rd7 {[%clk 00:02:40]} {[%emt 00:00:23]}
49. b4 {[%clk 00:00:48]} {[%emt 00:00:22]} Rd4 {[%clk 00:02:39]} {[%emt
00:00:04]} 50. Rb3 {[%clk 00:00:46]} {[%emt 00:00:03]} Re4+ {[%clk 00:02:38]}
{[%emt 00:00:04]} 51. Kd3 {[%clk 00:00:45]} {[%emt 00:00:03]} Rd4+ {[%clk
00:02:30]} {[%emt 00:00:11]} 52. Kc2 {[%clk 00:00:42]} {[%emt 00:00:05]} f4
{[%clk 00:02:28]} {[%emt 00:00:04]} 53. a5 {[%clk 00:00:20]} {[%emt 00:00:24]}
fxg3 {[%clk 00:02:21]} {[%emt 00:00:09]} 54. Rxg3 {[%clk 00:00:19]} {[%emt
00:00:03]} Rxb4 {[%clk 00:02:20]} {[%emt 00:00:03]} 55. axb6 {[%clk 00:00:17]}
{[%emt 00:00:03]} axb6 {[%clk 00:02:20]} {[%emt 00:00:02]} 56. hxg4 {[%clk
00:00:17]} {[%emt 00:00:02]} Rxg4 {[%clk 00:02:20]} {[%emt 00:00:02]} 57. Rxg4
{[%clk 00:00:16]} {[%emt 00:00:03]} hxg4 {[%clk 00:02:20]} {[%emt 00:00:02]} 58.
Kd3 {[%clk 00:00:16]} {[%emt 00:00:02]} Kf4 {[%clk 00:02:21]} 59. Kc4 {[%clk
00:00:15]} {[%emt 00:00:03]} Kg3 {[%clk 00:02:23]} 60. Kb5 {[%clk 00:00:15]}
{[%emt 00:00:02]} Kxg2 {[%clk 00:02:23]} {[%emt 00:00:02]} 61. Kxb6 {[%clk
00:00:14]} {[%emt 00:00:02]} Kf3 {[%clk 00:02:23]} {[%emt 00:00:02]} 62. Kc5
{[%clk 00:00:14]} {[%emt 00:00:02]} g3 {[%clk 00:02:24]} 0-1